000
00210 a2200097 4500
001
42993
100
_a
Dauies
245
_a
Wellington his army
260
_a
Oxford
_b
Basil black well
_c
090
_c
26869
_d
26869
942
_a
NUST-CAE
_c
M
_c
18745
999
_c
278066
_d
278066